000 00628nam a2200181Ia 4500
008 220216s9999 xx 000 0 und d
100 _aDas G.
245 0 _aPerformance of rubber clones in Dooars area of West Bengal
260 _bIn: Preprints of Papers. International Natural Rubber Conference, India 2005, 6-8 November 2005, Rubber Research Institute of India, Kottayam, Kerala, India, pp. 103-107.
_c2005
650 _aClone evaluation
650 _aDooars region
650 _aWest Bengal
650 _aYield performance
700 _aChaudhuri D.
700 _aSatisha G.C.
700 _aSingh R.S.
942 _cBS
999 _c52381
_d52381